| 000 | 00365nam a2200145Ia 4500 | ||
|---|---|---|---|
| 008 | 230711s9999||||xx |||||||||||||| ||und|| | ||
| 041 | _aENG | ||
| 082 |
_a4.22 _bMO-C |
||
| 100 | _aMorris,Mano M | ||
| 245 | 0 | _aComputer syetem archtecture | |
| 250 | _a3rd | ||
| 260 |
_c1994 _aNew Delhi _bPHI Learning Private Limited |
||
| 650 | _aComputer Engineering | ||
| 942 | _cBK | ||
| 999 |
_c2376 _d2376 |
||